00481nam a22001457a 4500003000400000005001700004008004100021040001100062041001200073100005400085245006400139260005300203650002200256856005700278OSt20260219161626.0260219b |||||||| |||| 00| 0 eng d cMRSPTU aEnglish aAnil Kumar Sharma, Supervisor: Dr. Manjeet Bansal aAssessment of Bio Medical Waste Management in Haridwar City bDepartment of Civil Engg. MRSPTU, Bathindac2019 aCivil Engineering uhttp://163.47.215.52:8080/jspui/handle/123456789/319